[Event "SS Manhem Chess Week 2016 GM and IM tournaments"]
[Site "Idrottsvägen 2, Mölnlycke, Sweden"]
[Date "2016.08.14"]
[Round "2.9"]
[White "Ziegler, Ari"]
[Black "Efroimski, Marsel"]
[Result "1-0"]
[BlackElo "2329"]
[WhiteElo "2301"]
[LiveChessVersion "1.4.8"]

1. d4 {[%clk 1:30:57]} Nf6 {[%clk 1:29:27]} 2. Nf3 {[%clk 1:30:33]} g6
{[%clk 1:29:54]} 3. c4 {[%clk 1:30:37]} Bg7 {[%clk 1:30:16]} 4. Nc3
{[%clk 1:30:59]} d5 {[%clk 1:30:42]} 5. e3 {[%clk 1:27:49]} O-O {[%clk 1:28:50]}
6. Be2 {[%clk 1:28:12]} c5 {[%clk 1:24:50]} 7. O-O {[%clk 1:25:09]} cxd4
{[%clk 1:07:42]} 8. exd4 {[%clk 1:25:21]} Nc6 {[%clk 1:00:25]} 9. Re1
{[%clk 1:21:11]} dxc4 {[%clk 0:52:57]} 10. Bxc4 {[%clk 1:19:54]} Bg4
{[%clk 0:52:05]} 11. d5 {[%clk 1:20:14]} Na5 {[%clk 0:51:33]} 12. Bb3
{[%clk 1:19:00]} Nxb3 {[%clk 0:49:31]} 13. axb3 {[%clk 1:19:27]} Qd7
{[%clk 0:32:36]} 14. h3 {[%clk 1:00:23]} Bxf3 {[%clk 0:32:12]} 15. Qxf3
{[%clk 1:00:45]} Rfd8 {[%clk 0:31:41]} 16. Rd1 {[%clk 1:01:05]} Qf5
{[%clk 0:26:18]} 17. Qxf5 {[%clk 0:59:31]} gxf5 {[%clk 0:26:47]} 18. Be3
{[%clk 0:58:36]} a6 {[%clk 0:26:23]} 19. Bb6 {[%clk 0:53:39]} Rd7
{[%clk 0:20:36]} 20. Kf1 {[%clk 0:49:49]} Rc8 {[%clk 0:18:56]} 21. Ra4
{[%clk 0:45:09]} e6 {[%clk 0:13:22]} 22. Rc4 {[%clk 0:42:57]} Re8
{[%clk 0:08:35]} 23. d6 {[%clk 0:36:08]} Bf8 {[%clk 0:05:40]} 24. Bc7
{[%clk 0:36:17]} Rc8 {[%clk 0:05:06]} 25. Na4 {[%clk 0:23:42]} b5
{[%clk 0:04:44]} 26. Nb6 {[%clk 0:23:55]} bxc4 {[%clk 0:04:40]} 27. Nxc8
{[%clk 0:24:18]} Nd5 {[%clk 0:04:28]} 28. Rxd5 {[%clk 0:12:20]} exd5
{[%clk 0:04:58]} 29. Nb6 {[%clk 0:12:42]} Bxd6 {[%clk 0:03:18]} 30. Nxd7
{[%clk 0:13:00]} Bxc7 {[%clk 0:03:45]} 31. Nf6+ {[%clk 0:13:05]} Kf8
{[%clk 0:04:11]} 32. Nxd5 {[%clk 0:11:37]} Be5 {[%clk 0:04:33]} 33. Nb6
{[%clk 0:09:34]} Bxb2 {[%clk 0:03:10]} 34. Nxc4 {[%clk 0:09:57]} Bd4
{[%clk 0:02:17]} 35. Nd6 {[%clk 0:10:02]} f4 {[%clk 0:02:07]} 36. Ke2
{[%clk 0:10:22]} Be5 {[%clk 0:00:56]} 37. Nc4 {[%clk 0:07:02]} f6
{[%clk 0:01:01]} 38. Nxe5 {[%clk 0:05:09]} fxe5 {[%clk 0:01:30]} 39. Kd3
{[%clk 0:05:21]} Ke7 {[%clk 0:01:52]} 40. Ke4 {[%clk 0:05:35]} Kd6
{[%clk 0:01:17]} 41. b4 {[%clk 0:00:35]} Kc6 {[%clk 0:16:10]} 42. Kxe5
{[%clk 0:31:16]} Kb5 {[%clk 0:16:38]} 43. Kxf4 {[%clk 0:30:50]} Kxb4
{[%clk 0:17:04]} 44. Ke3 {[%clk 0:31:07]} a5 {[%clk 0:17:01]} 45. Kd2
{[%clk 0:31:05]} h5 {[%clk 0:14:33]} 46. g4 {[%clk 0:30:43]} 1-0

[Event "SS Manhem Chess Week 2016 GM and IM tournaments"]
[Site "Idrottsvägen 2, Mölnlycke, Sweden"]
[Date "2016.08.14"]
[Round "2.10"]
[White "Nygren, Kim"]
[Black "Franco Alonso, Alejandro"]
[Result "1/2-1/2"]
[BlackElo "2430"]
[WhiteElo "2240"]
[LiveChessVersion "1.4.8"]

1. e4 {[%clk 1:30:57]} c5 {[%clk 1:30:53]} 2. Nf3 {[%clk 1:31:23]} Nc6
{[%clk 1:31:15]} 3. d4 {[%clk 1:31:45]} cxd4 {[%clk 1:31:39]} 4. Nxd4
{[%clk 1:32:10]} e6 {[%clk 1:31:43]} 5. Nxc6 {[%clk 1:32:02]} bxc6
{[%clk 1:32:06]} 6. Bd3 {[%clk 1:32:14]} Nf6 {[%clk 1:31:59]} 7. O-O
{[%clk 1:32:25]} d5 {[%clk 1:31:45]} 8. Nd2 {[%clk 1:32:02]} Be7 {[%clk 1:31:53]}
9. Qe2 {[%clk 1:32:03]} O-O {[%clk 1:32:00]} 10. b3 {[%clk 1:31:16]} a5
{[%clk 1:31:51]} 11. Bb2 {[%clk 1:22:10]} a4 {[%clk 1:31:41]} 12. f4
{[%clk 0:55:36]} Ba6 {[%clk 1:25:20]} 13. Bxa6 {[%clk 0:43:19]} Qb6+
{[%clk 1:25:26]} 14. Kh1 {[%clk 0:42:17]} Qxa6 {[%clk 1:25:16]} 15. Qf3
{[%clk 0:40:37]} Rae8 {[%clk 0:50:13]} 16. Bxf6 {[%clk 0:22:29]} Bxf6
{[%clk 0:50:10]} 17. Rab1 {[%clk 0:19:17]} axb3 {[%clk 0:43:21]} 18. axb3
{[%clk 0:18:33]} Qb6 {[%clk 0:38:51]} 19. e5 {[%clk 0:13:41]} Be7
{[%clk 0:38:36]} 20. Qd3 {[%clk 0:14:02]} f5 {[%clk 0:30:27]} 21. exf6
{[%clk 0:09:18]} Bxf6 {[%clk 0:30:35]} 22. Nf3 {[%clk 0:09:28]} Qb4
{[%clk 0:30:32]} 23. c4 {[%clk 0:07:47]} Qd6 {[%clk 0:21:08]} 24. g3
{[%clk 0:04:45]} 1/2-1/2

[Event "SS Manhem Chess Week 2016 GM and IM tournaments"]
[Site "Idrottsvägen 2, Mölnlycke, Sweden"]
[Date "2016.08.14"]
[Round "3.6"]
[White "Franco Alonso, Alejandro"]
[Black "Ernst, Thomas"]
[Result "1/2-1/2"]
[BlackElo "2357"]
[WhiteElo "2430"]
[LiveChessVersion "1.4.8"]

1. d4 {[%clk 1:30:56]} Nf6 {[%clk 1:30:53]} 2. c4 {[%clk 1:31:17]} e6
{[%clk 1:31:11]} 3. Nf3 {[%clk 1:31:36]} b6 {[%clk 1:31:29]} 4. g3
{[%clk 1:31:51]} Bb7 {[%clk 1:31:48]} 5. Bg2 {[%clk 1:32:12]} Be7
{[%clk 1:31:50]} 6. O-O {[%clk 1:32:21]} O-O {[%clk 1:32:08]} 7. Bf4
{[%clk 1:31:26]} d6 {[%clk 1:30:18]} 8. Nc3 {[%clk 1:27:52]} Ne4 {[%clk 1:29:02]}
9. Rc1 {[%clk 1:27:38]} Nd7 {[%clk 1:27:35]} 10. d5 {[%clk 1:20:04]} Nxc3
{[%clk 1:26:27]} 11. Rxc3 {[%clk 1:20:29]} e5 {[%clk 1:25:55]} 12. Bc1
{[%clk 1:19:04]} a5 {[%clk 1:25:53]} 13. e4 {[%clk 1:12:03]} f5 {[%clk 1:21:07]}
14. exf5 {[%clk 1:11:22]} Rxf5 {[%clk 1:21:30]} 15. Be3 {[%clk 1:03:45]} Bc8
{[%clk 1:19:53]} 16. b3 {[%clk 0:56:32]} Rf8 {[%clk 1:17:25]} 17. Qe2
{[%clk 0:50:38]} h6 {[%clk 1:09:36]} 18. a3 {[%clk 0:49:58]} Rb8 {[%clk 1:05:03]}
19. b4 {[%clk 0:45:40]} axb4 {[%clk 1:05:21]} 20. axb4 {[%clk 0:46:05]} Nf6
{[%clk 1:05:27]} 21. Nh4 {[%clk 0:43:24]} Ng4 {[%clk 1:01:42]} 22. Ng6
{[%clk 0:43:22]} Rf7 {[%clk 1:01:45]} 23. Nxe7+ {[%clk 0:42:05]} Qxe7
{[%clk 1:02:04]} 24. Ra1 {[%clk 0:36:45]} Nxe3 {[%clk 1:00:10]} 25. Rxe3
{[%clk 0:34:24]} Qf6 {[%clk 0:56:11]} 26. Rf3 {[%clk 0:24:55]} Bf5
{[%clk 0:54:45]} 27. Rfa3 {[%clk 0:20:39]} Bg6 {[%clk 0:39:38]} 28. Ra8
{[%clk 0:18:17]} Rxa8 {[%clk 0:39:51]} 29. Rxa8+ {[%clk 0:18:42]} Rf8
{[%clk 0:33:57]} 30. Rxf8+ {[%clk 0:15:46]} Qxf8 {[%clk 0:33:48]} 31. Be4
{[%clk 0:16:03]} Bf5 {[%clk 0:24:18]} 32. h4 {[%clk 0:15:25]} g6 {[%clk 0:24:10]}
33. Qd3 {[%clk 0:14:00]} Bxe4 {[%clk 0:22:55]} 34. Qxe4 {[%clk 0:14:24]} Qf5
{[%clk 0:23:15]} 35. f3 {[%clk 0:14:25]} Qxe4 {[%clk 0:22:17]} 36. fxe4
{[%clk 0:14:16]} Kf7 {[%clk 0:21:41]} 37. Kf2 {[%clk 0:14:19]} Ke7
{[%clk 0:21:37]} 38. Ke3 {[%clk 0:14:06]} Kd7 {[%clk 0:19:51]} 39. Kd3
{[%clk 0:13:37]} Kc8 {[%clk 0:18:41]} 40. Kc3 {[%clk 0:06:23]} h5
{[%clk 0:16:59]} 41. Kb3 {[%clk 0:05:07]} Kb7 {[%clk 0:17:07]} 42. Ka4 1/2-1/2

[Event "SS Manhem Chess Week 2016 GM and IM tournaments"]
[Site "Idrottsvägen 2, Mölnlycke, Sweden"]
[Date "2016.08.14"]
[Round "3.7"]
[White "Efroimski, Marsel"]
[Black "Nygren, Kim"]
[Result "1-0"]
[BlackElo "2240"]
[WhiteElo "2329"]
[LiveChessVersion "1.4.8"]

1. e4 {[%clk 1:27:37]} c5 {[%clk 1:30:56]} 2. Nf3 {[%clk 1:28:03]} Nc6
{[%clk 1:31:21]} 3. d4 {[%clk 1:28:19]} cxd4 {[%clk 1:31:46]} 4. Nxd4
{[%clk 1:28:46]} Nf6 {[%clk 1:32:09]} 5. Nc3 {[%clk 1:29:12]} e5 {[%clk 1:32:34]}
6. Ndb5 {[%clk 1:29:03]} d6 {[%clk 1:32:58]} 7. Bg5 {[%clk 1:28:23]} a6
{[%clk 1:33:21]} 8. Na3 {[%clk 1:28:19]} b5 {[%clk 1:33:45]} 9. Nd5
{[%clk 1:26:52]} Be7 {[%clk 1:33:53]} 10. Bxf6 {[%clk 1:26:38]} Bxf6
{[%clk 1:34:17]} 11. c4 {[%clk 1:26:56]} b4 {[%clk 1:22:40]} 12. Nc2
{[%clk 1:27:20]} Rb8 {[%clk 1:22:07]} 13. b3 {[%clk 1:26:00]} O-O
{[%clk 1:19:48]} 14. h4 {[%clk 1:22:31]} g6 {[%clk 1:07:49]} 15. Qd2
{[%clk 1:01:22]} Bg7 {[%clk 1:06:16]} 16. Ndxb4 {[%clk 0:59:15]} Nxb4
{[%clk 1:05:24]} 17. Nxb4 {[%clk 0:59:37]} Bb7 {[%clk 1:05:35]} 18. Nd5
{[%clk 0:44:22]} f5 {[%clk 1:04:51]} 19. h5 {[%clk 0:43:09]} fxe4
{[%clk 0:55:37]} 20. hxg6 {[%clk 0:43:32]} e3 {[%clk 0:52:21]} 21. fxe3
{[%clk 0:21:29]} e4 {[%clk 0:41:47]} 22. Rxh7 {[%clk 0:21:22]} Rf5
{[%clk 0:37:45]} 23. Rxg7+ {[%clk 0:13:35]} Kxg7 {[%clk 0:38:08]} 24. Nf4
{[%clk 0:13:58]} Qh4+ {[%clk 0:30:48]} 25. Qf2 {[%clk 0:13:57]} Qf6
{[%clk 0:30:49]} 26. Rd1 {[%clk 0:11:23]} Rf8 {[%clk 0:23:17]} 27. g3
{[%clk 0:11:40]} Bc8 {[%clk 0:14:54]} 28. Rd4 {[%clk 0:09:35]} a5
{[%clk 0:14:41]} 29. Bg2 {[%clk 0:06:42]} a4 {[%clk 0:13:47]} 30. Bxe4
{[%clk 0:06:13]} Re5 {[%clk 0:14:06]} 31. Qd2 {[%clk 0:02:53]} Qg5
{[%clk 0:10:32]} 32. Kf2 {[%clk 0:02:08]} Qh6 {[%clk 0:07:49]} 33. Bg2
{[%clk 0:01:13]} Qh2 {[%clk 0:08:11]} 34. Rxd6 {[%clk 0:00:45]} Bh3
{[%clk 0:08:35]} 35. Rd7+ {[%clk 0:00:40]} Kg8 {[%clk 0:08:52]} 36. Rf7
{[%clk 0:00:43]} Rfe8 {[%clk 0:03:30]} 37. Rh7 {[%clk 0:00:43]} 1-0

[Event "SS Manhem Chess Week 2016 GM and IM tournaments"]
[Site "Idrottsvägen 2, Mölnlycke, Sweden"]
[Date "2016.08.14"]
[Round "3.8"]
[White "Fendrich, David"]
[Black "Andersson, Tommy"]
[Result "0-1"]
[BlackElo "2386"]
[WhiteElo "2201"]
[LiveChessVersion "1.4.8"]

1. Nf3 {[%clk 1:30:57]} d5 {[%clk 1:30:34]} 2. g3 {[%clk 1:31:19]} Nf6
{[%clk 1:30:22]} 3. Bg2 {[%clk 1:31:42]} c5 {[%clk 1:30:11]} 4. O-O
{[%clk 1:32:01]} Nc6 {[%clk 1:30:06]} 5. d4 {[%clk 1:32:21]} e6 {[%clk 1:27:52]}
6. b3 {[%clk 1:32:03]} cxd4 {[%clk 1:26:03]} 7. Nxd4 {[%clk 1:32:26]} Bc5
{[%clk 1:26:22]} 8. Nxc6 {[%clk 1:31:47]} bxc6 {[%clk 1:26:23]} 9. c4
{[%clk 1:31:13]} O-O {[%clk 1:26:14]} 10. Qc2 {[%clk 1:27:49]} Qe7
{[%clk 1:20:08]} 11. Nc3 {[%clk 1:26:35]} Ba6 {[%clk 1:17:56]} 12. Bb2
{[%clk 1:26:27]} Bd6 {[%clk 1:11:46]} 13. Na4 {[%clk 1:24:23]} Rac8
{[%clk 1:11:19]} 14. Rfd1 {[%clk 1:23:53]} e5 {[%clk 1:05:25]} 15. e3
{[%clk 1:17:28]} Rfd8 {[%clk 1:03:10]} 16. Rac1 {[%clk 1:17:15]} h5
{[%clk 1:00:47]} 17. Qb1 {[%clk 1:03:57]} Qe6 {[%clk 0:59:43]} 18. Bf1
{[%clk 0:57:19]} Bb7 {[%clk 0:55:34]} 19. Bd3 {[%clk 0:42:14]} e4
{[%clk 0:50:58]} 20. Bf1 {[%clk 0:41:21]} Nh7 {[%clk 0:46:29]} 21. Nc3
{[%clk 0:34:09]} Ng5 {[%clk 0:44:15]} 22. cxd5 {[%clk 0:32:52]} cxd5
{[%clk 0:39:43]} 23. Ne2 {[%clk 0:32:10]} Rxc1 {[%clk 0:33:15]} 24. Rxc1
{[%clk 0:30:30]} Nf3+ {[%clk 0:14:20]} 25. Kg2 {[%clk 0:30:25]} h4
{[%clk 0:14:03]} 26. Nd4 {[%clk 0:25:15]} Qh6 {[%clk 0:10:11]} 27. Nxf3
{[%clk 0:24:59]} exf3+ {[%clk 0:09:12]} 28. Kg1 {[%clk 0:19:43]} hxg3
{[%clk 0:09:22]} 29. hxg3 {[%clk 0:20:06]} Bxg3 {[%clk 0:09:13]} 30. fxg3
{[%clk 0:20:30]} Qxe3+ {[%clk 0:09:31]} 31. Kh1 {[%clk 0:09:45]} Rd6
{[%clk 0:05:47]} 32. Qf5 {[%clk 0:08:46]} Rh6+ {[%clk 0:05:46]} 33. Bh3
{[%clk 0:09:10]} Qf2 {[%clk 0:02:54]} 34. Rc8+ {[%clk 0:05:17]} Bxc8
{[%clk 0:03:19]} 35. Qxc8+ {[%clk 0:05:43]} Kh7 {[%clk 0:03:43]} 36. Qf5+
{[%clk 0:05:51]} Kg8 {[%clk 0:03:45]} 37. Qc8+ {[%clk 0:06:05]} Kh7
{[%clk 0:04:10]} 38. Qf5+ {[%clk 0:06:32]} Rg6 {[%clk 0:04:35]} 39. Be5
{[%clk 0:04:40]} Qe1+ {[%clk 0:04:08]} 40. Kh2 {[%clk 0:05:03]} Qf2+
{[%clk 0:03:56]} 41. Kh1 {[%clk 0:05:04]} Qe1+ {[%clk 0:00:57]} 42. Kh2
{[%clk 0:05:26]} f2 {[%clk 0:25:58]} 43. Bg2 {[%clk 0:30:45]} Qxe5
{[%clk 0:25:34]} 44. Qxe5 {[%clk 0:30:52]} Rh6+ {[%clk 0:25:58]} 0-1

[Event "SS Manhem Chess Week 2016 GM and IM tournaments"]
[Site "Idrottsvägen 2, Mölnlycke, Sweden"]
[Date "2016.08.14"]
[Round "3.9"]
[White "Fries-Nielsen, Jens Ove"]
[Black "Ziegler, Ari"]
[Result "1/2-1/2"]
[BlackElo "2301"]
[WhiteElo "2369"]
[LiveChessVersion "1.4.8"]

1. d4 {[%clk 1:23:42]} Nf6 {[%clk 1:28:02]} 2. Bg5 {[%clk 1:21:40]} d5
{[%clk 1:26:46]} 3. Bxf6 {[%clk 1:19:47]} exf6 {[%clk 1:26:59]} 4. e3
{[%clk 1:19:50]} Bd6 {[%clk 1:21:58]} 5. c4 {[%clk 1:13:39]} dxc4
{[%clk 1:22:13]} 6. Bxc4 {[%clk 1:13:59]} O-O {[%clk 1:22:38]} 7. Nc3
{[%clk 1:14:15]} a6 {[%clk 1:20:13]} 8. Rc1 {[%clk 1:10:27]} b5 {[%clk 1:18:31]}
9. Bb3 {[%clk 1:03:28]} Bb7 {[%clk 1:18:36]} 10. Nf3 {[%clk 1:02:46]} Nd7
{[%clk 1:15:36]} 11. O-O {[%clk 1:02:52]} f5 {[%clk 1:02:09]} 12. Bd5
{[%clk 1:02:45]} c6 {[%clk 1:02:24]} 13. Bb3 {[%clk 1:03:14]} Rc8
{[%clk 1:01:55]} 14. Qe2 {[%clk 1:02:32]} Re8 {[%clk 0:57:09]} 15. Rfd1
{[%clk 1:01:37]} Qf6 {[%clk 0:54:44]} 16. a3 {[%clk 0:54:22]} g5 {[%clk 0:43:30]}
17. Qd3 {[%clk 0:51:28]} g4 {[%clk 0:39:56]} 18. Nd2 {[%clk 0:47:12]} c5
{[%clk 0:37:22]} 19. Bd5 {[%clk 0:46:16]} c4 {[%clk 0:18:27]} 20. Qc2
{[%clk 0:42:27]} Bxd5 {[%clk 0:10:57]} 21. Nxd5 {[%clk 0:42:49]} Qe6
{[%clk 0:10:46]} 22. Nc3 {[%clk 0:42:48]} Nf6 {[%clk 0:10:11]} 23. Re1
{[%clk 0:25:39]} h5 {[%clk 0:05:59]} 24. e4 {[%clk 0:25:19]} Bf4 {[%clk 0:05:43]}
25. e5 {[%clk 0:24:06]} Nh7 {[%clk 0:03:42]} 26. Rcd1 {[%clk 0:24:03]} Rcd8
{[%clk 0:02:23]} 27. Nf1 {[%clk 0:23:35]} Qg6 {[%clk 0:02:32]} 28. Ne2
{[%clk 0:22:57]} Bh6 {[%clk 0:02:07]} 29. Neg3 {[%clk 0:22:55]} f4
{[%clk 0:02:10]} 30. Qxg6+ {[%clk 0:23:14]} fxg6 {[%clk 0:02:37]} 31. Ne4
{[%clk 0:23:34]} Bf8 {[%clk 0:02:35]} 32. d5 {[%clk 0:22:52]} Rxe5
{[%clk 0:02:01]} 33. Nf6+ {[%clk 0:21:57]} Nxf6 {[%clk 0:02:29]} 34. Rxe5
{[%clk 0:22:23]} Bd6 {[%clk 0:02:24]} 35. Ree1 {[%clk 0:22:52]} Bc5
{[%clk 0:02:24]} 36. Re6 {[%clk 0:22:56]} Kf7 {[%clk 0:02:33]} 37. g3
{[%clk 0:19:12]} f3 {[%clk 0:02:06]} 38. Ne3 {[%clk 0:18:40]} Bd6
{[%clk 0:01:37]} 39. Kf1 {[%clk 0:11:42]} Nh7 {[%clk 0:01:55]} 40. Nc2
{[%clk 0:11:23]} Nf6 {[%clk 0:01:28]} 41. Nd4 {[%clk 0:06:02]} Nxd5
{[%clk 0:23:17]} 42. Nc6 {[%clk 0:36:35]} Rd7 {[%clk 0:22:59]} 43. Re4
{[%clk 0:35:05]} Nf6 {[%clk 0:19:37]} 44. Red4 {[%clk 0:35:00]} Ke6
{[%clk 0:19:55]} 45. Re1+ {[%clk 0:35:10]} Kf7 {[%clk 0:20:17]} 46. Red1
{[%clk 0:34:02]} Ke6 {[%clk 0:20:41]} 47. Re1+ {[%clk 0:29:58]} Kf7
{[%clk 0:21:05]} 48. a4 g5 49. axb5 axb5 1/2-1/2

[Event "SS Manhem Chess Week 2016 GM and IM tournaments"]
[Site "Idrottsvägen 2, Mölnlycke, Sweden"]
[Date "2016.08.14"]
[Round "3.10"]
[White "Kumar, Rahul"]
[Black "Ask, Josef"]
[Result "0-1"]
[BlackElo "2208"]
[WhiteElo "2184"]
[LiveChessVersion "1.4.8"]

1. d4 {[%clk 1:30:51]} Nf6 {[%clk 1:30:42]} 2. Nf3 {[%clk 1:29:33]} g6
{[%clk 1:30:50]} 3. Bg5 {[%clk 1:29:57]} Bg7 {[%clk 1:30:55]} 4. e3
{[%clk 1:30:21]} d6 {[%clk 1:30:31]} 5. Nbd2 {[%clk 1:29:45]} h6 {[%clk 1:29:23]}
6. Bh4 {[%clk 1:30:07]} g5 {[%clk 1:28:53]} 7. Bg3 {[%clk 1:30:31]} Nh5
{[%clk 1:28:46]} 8. c3 {[%clk 1:29:29]} f5 {[%clk 1:26:10]} 9. Bc4
{[%clk 1:22:57]} e6 {[%clk 1:23:12]} 10. Ng1 {[%clk 1:18:19]} Nxg3
{[%clk 1:22:24]} 11. hxg3 {[%clk 1:18:42]} O-O {[%clk 1:20:34]} 12. Qc2
{[%clk 1:14:11]} c5 {[%clk 1:16:17]} 13. dxc5 {[%clk 1:08:59]} dxc5
{[%clk 1:16:04]} 14. Ngf3 {[%clk 1:08:23]} Nc6 {[%clk 1:14:38]} 15. a4
{[%clk 1:06:24]} Qe7 {[%clk 1:06:12]} 16. Ba2 {[%clk 1:04:42]} Kh8
{[%clk 1:03:00]} 17. O-O-O {[%clk 0:58:38]} a6 {[%clk 1:00:09]} 18. Rh2
{[%clk 0:57:03]} b5 {[%clk 0:58:55]} 19. Rdh1 {[%clk 0:57:27]} g4
{[%clk 0:56:29]} 20. Nh4 {[%clk 0:56:27]} Rf6 {[%clk 0:53:08]} 21. f3
{[%clk 0:42:40]} gxf3 {[%clk 0:52:55]} 22. gxf3 {[%clk 0:42:28]} c4
{[%clk 0:52:26]} 23. g4 {[%clk 0:38:18]} Kg8 {[%clk 0:50:21]} 24. f4
{[%clk 0:38:17]} Qc5 {[%clk 0:48:35]} 25. g5 {[%clk 0:36:22]} hxg5
{[%clk 0:48:14]} 26. fxg5 {[%clk 0:36:48]} Rf7 {[%clk 0:47:50]} 27. Ng6
{[%clk 0:20:43]} Qxe3 {[%clk 0:46:52]} 28. Qd1 {[%clk 0:21:05]} Qxg5
{[%clk 0:40:10]} 29. Rg1 {[%clk 0:11:10]} Qe3 {[%clk 0:39:40]} 30. Re1
{[%clk 0:10:28]} Qg3 {[%clk 0:38:39]} 31. Reh1 {[%clk 0:06:04]} Qxg6
{[%clk 0:38:10]} 32. Rg1 {[%clk 0:06:31]} Qf6 {[%clk 0:37:59]} 33. Qh5
{[%clk 0:06:57]} Kf8 {[%clk 0:37:30]} 34. Nf3 {[%clk 0:07:06]} Raa7
{[%clk 0:29:41]} 35. Rg6 {[%clk 0:07:00]} Qd8 {[%clk 0:29:01]} 36. Ng5
{[%clk 0:06:17]} Ne5 {[%clk 0:23:16]} 37. Nxf7 {[%clk 0:00:47]} Rxf7
{[%clk 0:22:41]} 38. Rxg7 {[%clk 0:00:57]} Rxg7 {[%clk 0:21:37]} 39. Qh8+
{[%clk 0:00:58]} Rg8 {[%clk 0:21:57]} 40. Qh6+ {[%clk 0:00:59]} Kf7
{[%clk 0:21:02]} 41. Qh7+ {[%clk 0:28:40]} Rg7 {[%clk 0:51:40]} 42. Qh5+
{[%clk 0:28:50]} Ng6 {[%clk 0:51:21]} 43. b3 {[%clk 0:28:27]} Qd3
{[%clk 0:48:39]} 44. Kb2 {[%clk 0:28:50]} Bb7 {[%clk 0:47:41]} 45. Bb1
{[%clk 0:28:41]} Qf3 {[%clk 0:47:36]} 46. Qh6 {[%clk 0:28:47]} b4
{[%clk 0:46:53]} 0-1

[Event "SS Manhem Chess Week 2016 GM and IM tournaments"]
[Site "Idrottsvägen 2, Mölnlycke, Sweden"]
[Date "2016.08.15"]
[Round "4.6"]
[White "Nygren, Kim"]
[Black "Fries-Nielsen, Jens Ove"]
[Result "1/2-1/2"]
[BlackElo "2369"]
[WhiteElo "2240"]
[LiveChessVersion "1.4.8"]

1. e4 {[%clk 1:30:57]} d5 {[%clk 1:25:56]} 2. Nc3 {[%clk 1:30:46]} Nf6
{[%clk 1:24:20]} 3. e5 {[%clk 1:29:25]} Ng8 {[%clk 1:23:36]} 4. d4
{[%clk 1:25:31]} Bf5 {[%clk 1:22:25]} 5. Nge2 {[%clk 1:21:58]} e6
{[%clk 1:22:35]} 6. Nf4 {[%clk 1:19:20]} h6 {[%clk 1:21:47]} 7. g4
{[%clk 1:14:56]} Bh7 {[%clk 1:22:12]} 8. Bg2 {[%clk 1:14:36]} Nc6
{[%clk 1:19:21]} 9. Be3 {[%clk 1:09:53]} g5 {[%clk 1:11:04]} 10. Nd3
{[%clk 1:00:45]} Nge7 {[%clk 1:00:46]} 11. O-O {[%clk 0:57:18]} Bxd3
{[%clk 0:59:58]} 12. Qxd3 {[%clk 0:56:56]} Ng6 {[%clk 0:59:46]} 13. Ne2
{[%clk 0:51:58]} h5 {[%clk 0:59:12]} 14. c4 {[%clk 0:46:31]} Nb4 {[%clk 0:55:53]}
15. Qd2 {[%clk 0:43:05]} dxc4 {[%clk 0:53:29]} 16. Bxg5 {[%clk 0:31:30]} Be7
{[%clk 0:53:45]} 17. Bxe7 {[%clk 0:30:04]} Qxe7 {[%clk 0:54:06]} 18. g5
{[%clk 0:22:17]} O-O-O {[%clk 0:50:01]} 19. f4 {[%clk 0:22:33]} Nh4
{[%clk 0:49:51]} 20. Be4 {[%clk 0:22:20]} c5 {[%clk 0:19:52]} 21. Rac1
{[%clk 0:21:01]} Nd5 {[%clk 0:15:28]} 22. Rxc4 {[%clk 0:20:02]} Nb6
{[%clk 0:15:57]} 23. Rcc1 {[%clk 0:13:02]} Nf5 {[%clk 0:10:46]} 24. Bxf5
{[%clk 0:07:34]} exf5 {[%clk 0:11:15]} 25. Qa5 {[%clk 0:07:13]} c4
{[%clk 0:10:44]} 26. b3 {[%clk 0:04:34]} Kb8 {[%clk 0:10:12]} 27. bxc4
{[%clk 0:04:50]} h4 {[%clk 0:10:31]} 28. c5 {[%clk 0:03:58]} Nd5 {[%clk 0:09:22]}
29. Rf3 {[%clk 0:02:55]} Rhg8 {[%clk 0:07:53]} 30. Ra3 {[%clk 0:02:56]} b6
{[%clk 0:08:11]} 31. cxb6 {[%clk 0:02:47]} Nxb6 {[%clk 0:08:40]} 32. Rc6
{[%clk 0:02:07]} Qb7 {[%clk 0:08:23]} 33. Rac3 {[%clk 0:01:53]} h3
{[%clk 0:08:25]} 34. Kf2 {[%clk 0:02:06]} Rd5 {[%clk 0:06:59]} 35. Qb4
{[%clk 0:02:22]} Rd7 {[%clk 0:06:29]} 36. R3c5 {[%clk 0:01:40]} Rg6
{[%clk 0:05:52]} 37. Qb5 {[%clk 0:00:50]} a6 {[%clk 0:05:18]} 38. Qxb6
{[%clk 0:00:35]} Qxb6 {[%clk 0:05:41]} 39. Rxb6+ {[%clk 0:01:00]} Rxb6
{[%clk 0:06:07]} 40. Rc2 {[%clk 0:00:43]} Rdb7 {[%clk 0:04:58]} 41. d5
{[%clk 0:29:28]} Rb2 {[%clk 0:35:44]} 42. Rc3 {[%clk 0:11:38]} R7b4
{[%clk 0:31:45]} 43. Kf3 {[%clk 0:10:49]} Rxa2 {[%clk 0:30:59]} 44. e6
{[%clk 0:09:15]} fxe6 {[%clk 0:31:00]} 45. g6 {[%clk 0:08:36]} Rb7
{[%clk 0:29:28]} 46. dxe6 {[%clk 0:08:11]} Re7 {[%clk 0:28:43]} 47. Nd4
{[%clk 0:07:29]} Kb7 {[%clk 0:28:29]} 48. Nc6 {[%clk 0:06:53]} Re8
{[%clk 0:28:30]} 49. e7 {[%clk 0:02:33]} Rxh2 {[%clk 0:24:58]} 50. Nd8+
{[%clk 0:02:29]} Kb6 {[%clk 0:25:27]} 51. Rc6+ {[%clk 0:02:33]} Kb5
{[%clk 0:25:43]} 52. Re6 {[%clk 0:02:13]} Rd2 {[%clk 0:21:48]} 53. g7
{[%clk 0:01:35]} h2 {[%clk 0:15:50]} 54. Rh6 {[%clk 0:01:44]} Rd3+
{[%clk 0:06:02]} 55. Kf2 {[%clk 0:00:55]} Rd2+ {[%clk 0:06:24]} 56. Kf3
{[%clk 0:01:01]} Rd3+ {[%clk 0:06:40]} 57. Kf2 {[%clk 0:01:07]} 1/2-1/2